[Event "Figueira da Foz op 17th"]
[Site "Figueira da Foz"]
[Date "2023.11.05"]
[Round "1"]
[White "Raghav, V."]
[Black "Arpan, Das Jr"]
[Result "1-0"]
[WhiteElo "1797"]
[BlackElo "2400"]
[PlyCount "98"]
[EventDate "2023.11.05"]
[EventType "swiss"]
[EventRounds "9"]
[EventCountry "POR"]
[SourceTitle "CB46_2023"]
[SourceDate "2023.11.15"]
[SourceVersion "1"]
[SourceVersionDate "2023.11.15"]
[SourceQuality "1"]

1. e4 c6 2. d4 d5 3. Nc3 dxe4 4. Nxe4 Nf6 5. Nxf6+ exf6 6. c3 Bd6 7. Bd3 0-0 8. Qc2 Re8+ 9. Ne2 h5 10. Be3 Nd7 11. 0-0-0 Nf8 12. c4 Be6 13. Nc3 Rc8 14. Kb1 Bb4 15. a3 Bxc3 16. Qxc3 b5 17. d5 cxd5 18. c5 a6 19. Bd4 Qd7 20. Ka1 Bf5 21. c6 Qe6 22. Rhe1 Qxe1 23. Rxe1 Rxe1+ 24. Qxe1 Bxd3 25. Qc3 Bc4 26. b3 Rxc6 27. bxc4 Rxc4 28. Qd2 Ne6 29. Bb2 d4 30. Ka2 g6 31. f3 f5 32. Qa5 Rc6 33. Bxd4 Nxd4 34. Qd8+ Kh7 35. Qxd4 Kg8 36. Kb3 Rc4 37. Qxc4 bxc4+ 38. Kxc4 f4 39. Kc5 Kg7 40. Kb6 Kf6 41. Kxa6 Ke5 42. Kb5 g5 43. a4 g4 44. a5 g3 45. hxg3 fxg3 46. a6 h4 47. a7 h3 48. a8Q h2 49. Qa1+ Kd5 1-0

[Event "Spilimbergo op 21st"]
[Site "Spilimbergo"]
[Date "2023.08.14"]
[Round "8"]
[White "Tifferet, Shaked"]
[Black "Arpan, Das Jr"]
[Result "0-1"]
[WhiteElo "2281"]
[BlackElo "2382"]
[PlyCount "104"]
[EventDate "2023.08.09"]
[EventType "swiss"]
[EventRounds "9"]
[EventCountry "ITA"]
[SourceTitle "CBM 215 Extra"]
[Source "ChessBase"]
[SourceDate "2023.09.30"]
[SourceVersion "1"]
[SourceVersionDate "2023.09.30"]
[SourceQuality "1"]

1. d4 d5 2. c4 e6 3. Nf3 a6 4. Bg5 Be7 5. Bxe7 Nxe7 6. Nbd2 Nd7 7. g3 dxc4 8. a4 b6 9. Bg2 Bb7 10. Nxc4 0-0 11. 0-0 Rc8 12. e3 Bd5 13. Qe2 c5 14. e4 Bxc4 15. Qxc4 cxd4 16. Qxd4 Nc5 17. b4 Nd3 18. b5 Qxd4 19. Nxd4 Rfd8 20. Nb3 a5 21. Rfd1 Kf8 22. Bf1 Nb4 23. Nd2 Rc7 24. Nc4 Rxd1 25. Rxd1 Nc8 26. Rd8+ Ke7 27. Rh8 h6 28. Rh7 Kf8 29. Rh8+ Ke7 30. h4 Na2 31. e5 Nc3 32. Rh7 Kf8 33. Rh8+ Ke7 34. h5 Nxa4 35. Rg8 Nc3 36. g4 Ne4 37. f3 Ng5 38. f4 Nh3+ 39. Bxh3 Rxc4 40. f5 a4 41. Rxg7 Kf8 42. f6 a3 43. Bf1 Rc1 44. Rh7 Kg8 45. Rg7+ Kf8 46. Rh7 Ke8 47. g5 a2 48. g6 a1Q 49. gxf7+ Kf8 50. Rh8+ Kxf7 51. Rh7+ Kg8 52. f7+ Kf8 0-1

[Event "Spilimbergo op 21st"]
[Site "Spilimbergo"]
[Date "2023.08.10"]
[Round "2"]
[White "Aleksic, Nenad"]
[Black "Arpan, Das Jr"]
[Result "0-1"]
[WhiteElo "2231"]
[BlackElo "2382"]
[PlyCount "42"]
[EventDate "2023.08.09"]
[EventType "swiss"]
[EventRounds "9"]
[EventCountry "ITA"]
[SourceTitle "CBM 215 Extra"]
[Source "ChessBase"]
[SourceDate "2023.09.30"]
[SourceVersion "1"]
[SourceVersionDate "2023.09.30"]
[SourceQuality "1"]

1. e4 c6 2. d4 d5 3. Nc3 dxe4 4. Nxe4 Nf6 5. Ng3 h5 6. h3 h4 7. N3e2 c5 8. Nf3 Nc6 9. c3 Bf5 10. Qa4 e6 11. dxc5 Bxc5 12. Ned4 Be4 13. Be2 0-0 14. Nxc6 Bxc6 15. Qxh4 Ne4 16. 0-0 Qxh4 17. Nxh4 Rad8 18. Nf3 Ng3 19. Re1 Nxe2+ 20. Rxe2 Rd1+ 21. Ne1 Bb5 0-1

[Event "Andorra op 39th"]
[Site "Escaldes"]
[Date "2023.07.27"]
[Round "6"]
[White "Martinez Martinez, Mateo"]
[Black "Arpan, Das Jr"]
[Result "0-1"]
[WhiteElo "2093"]
[BlackElo "2365"]
[PlyCount "92"]
[EventDate "2023.07.22"]
[EventType "swiss"]
[EventRounds "9"]
[EventCountry "AND"]
[SourceTitle "CBM 215 Extra"]
[Source "ChessBase"]
[SourceDate "2023.09.30"]
[SourceVersion "1"]
[SourceVersionDate "2023.09.30"]
[SourceQuality "1"]

1. d4 d5 2. c4 dxc4 3. Nf3 Nf6 4. e3 e6 5. Bxc4 c5 6. 0-0 a6 7. Bb3 b5 8. a4 Bb7 9. axb5 axb5 10. Rxa8 Bxa8 11. Qe2 c4 12. Bc2 Nbd7 13. b3 cxb3 14. Bxb3 Qb8 15. Nbd2 Be7 16. Bb2 0-0 17. Rc1 h6 18. e4 Re8 19. Qd3 Qb7 20. Bc2 g6 21. Bb1 Bf8 22. h4 Rd8 23. Qb3 Bg7 24. e5 Nd5 25. g3 b4 26. h5 g5 27. Qd3 f5 28. exf6 N5xf6 29. Qb3 Nf8 30. g4 Nxg4 31. Be4 Qf7 32. Bxa8 Rxa8 33. Qxb4 Rd8 34. Qb6 Rd5 35. Rc7 Qxh5 36. Qa7 Qg6 37. Ba3 Rf5 38. Kg2 Nxf2 39. Ne5 Bxe5 40. dxe5 Nd3 41. Ne4 Nxe5 42. Bb2 Rf7 43. Nd6 Nc6 44. Qc5 Rxc7 45. Qc3 e5 46. Qc4+ Qe6 0-1

[Event "Llinars del Valles 3rd"]
[Site "Llinars del Valles"]
[Date "2023.06.28"]
[Round "4"]
[White "Arpan, Das Jr"]
[Black "Ayats Llobera, Gerard"]
[Result "0-1"]
[WhiteElo "2365"]
[BlackElo "2452"]
[PlyCount "112"]
[EventDate "2023.06.25"]
[EventType "swiss"]
[EventRounds "9"]
[EventCountry "ESP"]
[SourceTitle "CBM 215 Extra"]
[Source "ChessBase"]
[SourceDate "2023.09.30"]
[SourceVersion "1"]
[SourceVersionDate "2023.09.30"]
[SourceQuality "1"]

1. e4 e5 2. Nf3 Nc6 3. Bb5 a6 4. Ba4 Nf6 5. 0-0 Be7 6. Re1 b5 7. Bb3 d6 8. c3 0-0 9. h3 Na5 10. Bc2 c5 11. d4 Qc7 12. d5 Bd7 13. b3 Nb7 14. a4 c4 15. b4 a5 16. axb5 Bxb5 17. Bd2 Rfc8 18. Na3 Bd7 19. b5 Nc5 20. Rb1 Rab8 21. Qe2 Qd8 22. Rb2 Be8 23. Reb1 Nd3 24. Bxd3 cxd3 25. Qxd3 Nd7 26. Be3 Nc5 27. Qc2 Bd7 28. c4 g6 29. Nd2 Nb7 30. Re1 Qe8 31. Nb3 Bd8 32. Qe2 Qe7 33. Qf3 Qh4 34. Nd2 Nc5 35. Bxc5 Rxc5 36. Ndb1 Bb6 37. Nc3 Rcc8 38. Na4 Bd4 39. Rbe2 f5 40. Rf1 f4 41. Rd2 g5 42. Qd3 Rf8 43. Nc2 f3 44. Nxd4 exd4 45. Re1 Bxh3 46. gxf3 Rf4 47. e5 Rbf8 48. exd6 Rxf3 49. Re4 g4 50. Qxf3 Rxf3 51. d7 Rf8 52. Nc5 Qg5 53. Ne6 Qxd2 54. Nxf8 Qd1+ 55. Kh2 Qf3 56. Rxg4+ Qxg4 0-1

[Event "BAN-chT 1st League"]
[Site "Dhaka"]
[Date "2022.03.19"]
[Round "10.2"]
[White "Arpan, Das Jr"]
[Black "Dhulipalla, Bala Chandra Prasad"]
[Result "0-1"]
[WhiteElo "2212"]
[BlackElo "2422"]
[PlyCount "92"]
[EventDate "2022.03.10"]
[EventType "team-tourn"]
[EventRounds "11"]
[EventCountry "BAN"]
[SourceTitle "EXT 2023"]
[Source "ChessBase"]
[SourceDate "2022.10.05"]
[SourceVersion "1"]
[SourceVersionDate "2022.10.05"]
[SourceQuality "1"]
[WhiteTeam "Esoft Arena"]
[BlackTeam "Palli Sanchoy Bank"]
[WhiteTeamCountry "BAN"]
[BlackTeamCountry "BAN"]

1. e4 e5 2. Nf3 Nc6 3. Bb5 a6 4. Ba4 Nf6 5. 0-0 Be7 6. Re1 b5 7. Bb3 d6 8. c3 0-0 9. h3 Na5 10. Bc2 c5 11. d4 Qc7 12. d5 Bd7 13. b3 c4 14. Ba3 Bd8 15. Nbd2 cxb3 16. axb3 Nb7 17. c4 a5 18. Qe2 Nh5 19. Rec1 Nf4 20. Qf1 b4 21. Bxb4 Qc8 22. Bc3 Nxh3+ 23. Kh2 Nf4 24. Ng1 Bb6 25. Ne2 Nh5 26. b4 axb4 27. Bxb4 Qd8 28. Rxa8 Qxa8 29. Ra1 Qd8 30. Ra6 Nf6 31. Rxb6 Qxb6 32. Bc3 Ng4+ 33. Kg1 Ra8 34. Nc1 Ra3 35. Nb1 Ra8 36. Qe2 h5 37. Be1 Ra1 38. Nb3 Rxb1 39. Bxb1 Qxb3 40. Bc2 Qb2 41. Qd1 Nc5 42. g3 g6 43. Qd2 Ba4 44. Bxa4 Qxd2 45. Bxd2 Nxa4 46. Ba5 Kf8 0-1

[Event "BAN-chT 1st League"]
[Site "Dhaka"]
[Date "2022.03.15"]
[Round "6.2"]
[White "Ankit, Ray"]
[Black "Arpan, Das Jr"]
[Result "1-0"]
[WhiteElo "1895"]
[BlackElo "2212"]
[PlyCount "75"]
[EventDate "2022.03.10"]
[EventType "team-tourn"]
[EventRounds "11"]
[EventCountry "BAN"]
[SourceTitle "EXT 2023"]
[Source "ChessBase"]
[SourceDate "2022.10.05"]
[SourceVersion "1"]
[SourceVersionDate "2022.10.05"]
[SourceQuality "1"]
[WhiteTeam "Mir CC"]
[BlackTeam "Esoft Arena"]
[WhiteTeamCountry "BAN"]
[BlackTeamCountry "BAN"]

1. d4 d5 2. Nf3 e6 3. g3 c5 4. Bg2 cxd4 5. 0-0 Bc5 6. Nxd4 Ne7 7. e4 dxe4 8. Nb3 Bd6 9. Bxe4 0-0 10. Nc3 Nbc6 11. Qe2 Ng6 12. Rd1 Qe7 13. Nb5 Be5 14. f4 Bb8 15. Be3 Qf6 16. Bc5 Re8 17. Nd6 Bxd6 18. Rxd6 Qxb2 19. Rxc6 bxc6 20. Bxc6 Rb8 21. Bd4 Qa3 22. Bxe8 Ba6 23. Bxf7+ Kxf7 24. Qh5 Kg8 25. Qa5 Qd6 26. Qc5 Qd8 27. Qxa7 Bb7 28. c4 e5 29. fxe5 Bc6 30. Na5 Bf3 31. e6 Ne7 32. Qd7 Qf8 33. Bc5 Re8 34. Rf1 h5 35. Nc6 Nxc6 36. Bxf8 Rxf8 37. Rxf3 Rxf3 38. Qxc6 1-0

[Event "BAN-chT 1st League"]
[Site "Dhaka"]
[Date "2022.03.11"]
[Round "2.2"]
[White "Sahu, Sekhar Chandra"]
[Black "Arpan, Das Jr"]
[Result "0-1"]
[WhiteElo "2049"]
[BlackElo "2212"]
[PlyCount "146"]
[EventDate "2022.03.10"]
[EventType "team-tourn"]
[EventRounds "11"]
[EventCountry "BAN"]
[SourceTitle "EXT 2023"]
[Source "ChessBase"]
[SourceDate "2022.10.05"]
[SourceVersion "1"]
[SourceVersionDate "2022.10.05"]
[SourceQuality "1"]
[WhiteTeam "Sangbadik Shahnoor Khan"]
[BlackTeam "Esoft Arena"]
[WhiteTeamCountry "BAN"]
[BlackTeamCountry "BAN"]

1. e4 c6 2. d4 d5 3. exd5 cxd5 4. Nf3 Nc6 5. Ne5 e6 6. Bb5 Qc7 7. 0-0 a6 8. Ba4 Bd6 9. Nxc6 bxc6 10. c4 Ne7 11. h3 0-0 12. Bc2 dxc4 13. Nd2 Nd5 14. Nxc4 Be7 15. Bd2 Bf6 16. Ba5 Qa7 17. Qd3 g6 18. Rad1 c5 19. dxc5 Qxc5 20. b3 Bb7 21. Qg3 Bd8 22. Qd6 Qxd6 23. Nxd6 Bxa5 24. Nxb7 Bb4 25. a3 Bxa3 26. Na5 Bb4 27. Nc6 Rac8 28. Nxb4 Nxb4 29. Bd3 Nxd3 30. Rxd3 Rc6 31. Rfd1 Kg7 32. Rd6 Rfc8 33. b4 Kf6 34. g3 Ke7 35. R6d2 R8c7 36. Ra1 Rb6 37. Kg2 Rc4 38. Rda2 Rcc6 39. Ra5 Kd6 40. Rd1+ Kc7 41. Rxa6 Rxa6 42. b5 Rd6 43. Rc1+ Rdc6 44. bxc6 Rxc6 45. Rd1 Rd6 46. Ra1 Rd7 47. h4 Kd6 48. Ra5 h5 49. Kf3 Ke7 50. Ke2 Kf6 51. Ke3 Rd5 52. Ra7 Rb5 53. Rc7 e5 54. Rd7 Ke6 55. Ra7 Rb3+ 56. Ke2 f6 57. Rg7 Kf5 58. Rg8 Rb1 59. Rf8 e4 60. Ke3 Rb3+ 61. Ke2 Rf3 62. Re8 Ra3 63. Re7 Ra5 64. Rf7 Ra6 65. Ke3 Kg4 66. Rg7 f5 67. Rb7 Ra3+ 68. Ke2 Ra2+ 69. Ke3 Kh3 70. Rb6 Kg2 71. Rxg6 Rxf2 72. Rg5 Kf1 73. Kd4 Rf3 0-1

[Event "Dhaka Al Mahmud Memorial"]
[Site "Dhaka"]
[Date "2022.02.12"]
[Round "8"]
[White "Rahman, Ziaur"]
[Black "Arpan, Das Jr"]
[Result "1/2-1/2"]
[WhiteElo "2417"]
[BlackElo "2107"]
[PlyCount "64"]
[EventDate "2022.02.05"]
[EventType "swiss"]
[EventRounds "9"]
[EventCountry "BAN"]
[SourceTitle "CBM 206 Extra"]
[Source "ChessBase"]
[SourceDate "2022.03.31"]
[SourceVersion "1"]
[SourceVersionDate "2022.03.31"]
[SourceQuality "1"]

1. Nf3 Nf6 2. g3 g6 3. b3 Bg7 4. Bb2 0-0 5. Bg2 c5 6. c4 d6 7. d4 d5 8. 0-0 dxc4 9. bxc4 cxd4 10. Nxd4 Nc6 11. Nxc6 bxc6 12. Nd2 Qc7 13. Qa4 Bd7 14. Qa3 Be6 15. Rac1 Rfd8 16. Nb3 Ng4 17. Bxg7 Kxg7 18. Nc5 Bf5 19. h3 Nf6 20. Qc3 Kg8 21. e4 Bc8 22. e5 Nd7 23. Nd3 Nf8 24. f4 Bf5 25. Nb4 a5 26. Nxc6 Rd3 27. Qe1 Ra6 28. g4 Rxc6 29. gxf5 Rxc4 30. Rxc4 Qxc4 31. Qh4 Qc5+ 32. Kh1 Rc3 1/2-1/2

[Event "Dhaka Al Mahmud Memorial"]
[Site "Dhaka"]
[Date "2022.02.05"]
[Round "1"]
[White "Prosenjit, Sarkar1111"]
[Black "Arpan, Das Jr"]
[Result "0-1"]
[WhiteElo "1739"]
[BlackElo "2107"]
[PlyCount "80"]
[EventDate "2022.02.05"]
[EventType "swiss"]
[EventRounds "9"]
[EventCountry "BAN"]
[SourceTitle "EXT 2023"]
[Source "ChessBase"]
[SourceDate "2022.10.05"]
[SourceVersion "1"]
[SourceVersionDate "2022.10.05"]
[SourceQuality "1"]

1. d4 Nf6 2. c4 g6 3. Nc3 Bg7 4. e4 d6 5. Nf3 0-0 6. Be2 e5 7. dxe5 dxe5 8. Qxd8 Rxd8 9. Bg5 Re8 10. h3 c6 11. 0-0 Na6 12. Be3 Nh5 13. Rfd1 Nf4 14. Bf1 Ne6 15. Rd2 f5 16. Rdd1 f4 17. Bc1 Nd4 18. Nxd4 exd4 19. Ne2 g5 20. f3 Be6 21. g3 Bxc4 22. gxf4 Nb4 23. Rd2 d3 24. Nc3 Rad8 25. a3 Na6 26. a4 Nc5 27. Ra3 b5 28. axb5 cxb5 29. Nd5 Bxd5 30. exd5 Re1 31. b4 Na4 32. Kf2 Rxc1 33. Raxd3 gxf4 34. d6 Nb6 35. Ra3 Rxf1+ 36. Kxf1 Nc4 37. Rdd3 Nxa3 38. Rxa3 Rxd6 39. Rxa7 Rd4 40. Ke2 Rxb4 0-1

[Event "FIDE World Uni Rapid-F 1st"]
[Site "Tornelo INT"]
[Date "2021.03.21"]
[Round "9"]
[White "Schmakel, Sam A"]
[Black "Arpan, Das Jr"]
[Result "1-0"]
[WhiteElo "2435"]
[BlackElo "2110"]
[PlyCount "51"]
[EventDate "2021.03.20"]
[EventType "swiss (rapid)"]
[EventRounds "12"]
[EventCountry "NET"]
[SourceTitle "EXT 2022"]
[Source "ChessBase"]
[SourceDate "2021.10.06"]
[SourceVersion "1"]
[SourceVersionDate "2021.10.06"]
[SourceQuality "1"]

1. e4 e5 2. Nf3 Nc6 3. Bc4 Nf6 4. d3 Be7 5. 0-0 0-0 6. Re1 d6 7. a4 Na5 8. Ba2 c5 9. c3 h6 10. Na3 Nc6 11. Bd2 Re8 12. Nc2 Bf8 13. b4 cxb4 14. cxb4 d5 15. exd5 Nxd5 16. b5 Ncb4 17. Nxb4 Nxb4 18. Bxb4 Bxb4 19. Bxf7+ Kh8 20. Bxe8 Bxe1 21. Qxe1 Qxe8 22. Qxe5 Qxe5 23. Nxe5 Bf5 24. Rc1 a6 25. b6 Rd8 26. Nf7+ 1-0

[Event "FIDE World Uni Rapid-F 1st"]
[Site "Tornelo INT"]
[Date "2021.03.20"]
[Round "4"]
[White "Arpan, Das Jr"]
[Black "Devanshi, Rathi"]
[Result "1-0"]
[WhiteElo "2110"]
[BlackElo "1559"]
[PlyCount "63"]
[EventDate "2021.03.20"]
[EventType "swiss (rapid)"]
[EventRounds "12"]
[EventCountry "NET"]
[SourceTitle "EXT 2022"]
[Source "ChessBase"]
[SourceDate "2021.10.06"]
[SourceVersion "1"]
[SourceVersionDate "2021.10.06"]
[SourceQuality "1"]

1. d4 d5 2. c4 e6 3. Nc3 Nf6 4. cxd5 exd5 5. Bg5 Be7 6. e3 0-0 7. Bd3 b6 8. Qc2 h6 9. Bh4 Ba6 10. Nge2 c5 11. 0-0 c4 12. Bf5 b5 13. Bxf6 Bxf6 14. Nxd5 Bb7 15. Nxf6+ Qxf6 16. Bh7+ Kh8 17. Be4 Nc6 18. a3 Qg5 19. Nc3 f5 20. Bxc6 Bxc6 21. d5 Bd7 22. Rad1 Rf6 23. e4 Rg6 24. f4 Qg4 25. e5 a6 26. Qe2 Qxe2 27. Nxe2 a5 28. Nd4 b4 29. axb4 a4 30. e6 Be8 31. Nxf5 Rb8 32. Nd6 1-0